00402nam a2200121Ia 4500008004100000100001800041245004300059245001600102260000900118856006100127999001900188952007300207160609s9999 xx 000 0 und d aSalomon, Eve. aGuidelines for broadcasting regulation cEve Salomon c2008 uhttp://unesdoc.unesco.org/images/0018/001832/183285e.pdf c295698d295698 001040aCLbCLd2016-06-09l0r2016-06-09 00:00:00w2016-06-09yCBE